| 000 | 00509nam a2200169 i 4500 | ||
|---|---|---|---|
| 001 | 58087 | ||
| 003 | ES-MaACL | ||
| 005 | 20230906163726.0 | ||
| 007 | t| | ||
| 008 | 031021s1970 sp ||||1| spa d | ||
| 100 | 1 |
_aDowd, David L. _945528 |
|
| 245 | 1 | 3 |
_aLa revolución francesa / _cDavid L. Dowd ; traducido por Enrique de Obregón. |
| 260 |
_aBarcelona : _bTimun, _c1970. |
||
| 300 |
_a150 p., 2 lám. : _bil. ; _c26 cm. |
||
| 700 | 1 |
_aObregón, Enrique de. _986425 |
|
| 852 |
_aES-MaACL _jC-37316 _bR.76329 |
||
| 999 |
_c58087 _d58087 |
||